000 00542nam a2200193 4500
001 109909
003 ES-MaACL
005 20230906184935.0
007 t|
008 061121s1967 sp r ||||1| spa d
080 _a811.361(075.4)
100 1 _aOñatibia, Juan.
_987115
245 1 0 _aMétodo de euskera radiofónico /
_cJuan Oñatibia.
250 _a2ª ed.
260 _a[San Seabastián [etc.] :
_bEdili,
_c1967]
300 _a2 v. ;
_c22 cm.
650 0 4 _aLengua vasca-
_vMétodos.
_914339
852 _aES-MaACL
_jC-33178-9
_bR.64054
999 _c109909
_d109909